| 000 | 00346nam a22001337a 4500 | ||
|---|---|---|---|
| 020 | _a9788177583588 | ||
| 082 |
_222 _a005.73 |
||
| 100 | _aWeiss, Mark Allen. | ||
| 245 | _aData structures algorithm analysis in C / | ||
| 250 | _a2nd ed. | ||
| 260 |
_aNew Delhi, _bPearson Education, _cc1997. |
||
| 300 |
_a527p. ; _bill. ; _c23 cm. |
||
| 942 |
_2ddc _cIT |
||
| 999 |
_c2644 _d2644 |
||